000
00340nam a2200145Ia 4500
008
191201s1988 xx 000 0 und d
082
_a
537.6
100
_a
JACKSON,JD
245
0
_a
Classical Electrodynamics
250
_a
7thRep
260
_a
N. Delhi
_b
Wiley Dreautech India
_c
1988
300
_a
848
650
_a
Applied
942
_2
ddc
_c
BK
999
_c
555
_d
555